Bài giảng thần kinh

Kaydedildi:
Detaylı Bibliyografya
Yazar: Trường Đại học Y khoa Hà Nội
Materyal Türü: Kitap
Dil:Undetermined
Baskı/Yayın Bilgisi: Hà Nội Y học 1988
Konular:
Etiketler: Etiketle
Etiket eklenmemiş, İlk siz ekleyin!
Thư viện lưu trữ: Trung tâm Học liệu Trường Đại học Cần Thơ
LEADER 00498nam a2200169Ia 4500
001 CTU_17167
008 210402s9999 xx 000 0 und d
082 |a 616.8007 
082 |b B450 
100 |a Trường Đại học Y khoa Hà Nội 
245 0 |a Bài giảng thần kinh 
245 0 |c Trường Đại học Y khoa Hà Nội 
260 |a Hà Nội 
260 |b Y học 
260 |c 1988 
650 |a neurology 
980 |a Trung tâm Học liệu Trường Đại học Cần Thơ